000 00890nam a2200217Ia 4500
003 IN-BaIIA
008 211028s9999 xx 000 0 eng d
040 _cIIA Library
080 _a520.43(082.2)
_bAST
111 _aWorkshop on Astronomical Microdensitometry
_cGreenbelt, Maryland
_d1983 May 11-13
_916619
245 0 _aAstronomical microdensitometry
_bproceedings of the workshop on astronomical microdensitometry, held in Greenbelt, Maryland, 11-13 May 1983
_cedited by Daniel A. Klinglesmith
260 _aWashington
_bNational Aeronautics and Space Administration
_c1984
300 _avii, 431p.
490 _aNASA conference publications; 2317
650 _aAstrometry
650 _aAstronomy and astrophysics Thesaurus
650 _aMicrodensitometry
_916620
650 _aPhotometry
_91839
700 _aKlinglesmith, Daniel A., ed.
_916621
942 _cBK
999 _c9812
_d9812